Criatura del agua (Record no. 37930)

MARC details
000 -LEADER
campo de control de longitud fija 00803nam a2200217 i 4500
001 - NÚMERO DE CONTROL
campo de control 37930
003 - IDENTIFICADOR DE NÚMERO DE CONTROL
campo de control ES-MaACL
005 - FECHA Y HORA DE LA ÚLTIMA TRANSACCIÓN
campo de control 20230906155652.0
007 - CAMPO FIJO DE DESCRIPCIÓN FÍSICA--INFORMACIÓN GENERAL
campo de control de longitud fija t|
008 - DATOS DE LONGITUD FIJA--INFORMACIÓN GENERAL
campo de control de longitud fija 030224s1961 pr ||||1| spa d
100 1# - ENTRADA PRINCIPAL--NOMBRE DE PERSONA
Nombre de persona Burgos, Julia de.
9 (RLIN) 32656
245 10 - MENCIÓN DEL TÍTULO
Título Criatura del agua
Resto del título : obra poética /
Mención de responsabilidad, etc. Julia de Burgos ; recopilada por Consuelo Burgos y Juan Bautista Pagán ; con un estudio preliminar de José Emilio González.
260 ## - PUBLICACIÓN, DISTRIBUCIÓN, ETC.
Lugar de publicación, distribución, etc. San Juan de Puerto Rico :
Nombre del editor, distribuidor, etc. Instituto de Cultura Puertorriqueña,
Fecha de publicación, distribución, etc. 1961.
300 ## - DESCRIPCIÓN FÍSICA
Extensión 336 p. ;
Dimensiones 24 cm.
700 1# - ENTRADA AGREGADA--NOMBRE PERSONAL
Nombre de persona Burgos, Consuelo.
9 (RLIN) 32648
700 1# - ENTRADA AGREGADA--NOMBRE PERSONAL
Nombre de persona Pagan, Juan Bautista.
9 (RLIN) 200113
700 1# - ENTRADA AGREGADA--NOMBRE PERSONAL
Nombre de persona González, José Emilio.
9 (RLIN) 58334
710 2# - ENTRADA AGREGADA--NOMBRE DE ENTIDAD CORPORATIVA
Nombre de entidad corporativa o nombre de jurisdicción como elemento de entrada Instituto de Cultura Puertorriqueña.
9 (RLIN) 4858
852 ## - LOCALIZACIÓN
Ubicación ES-MaACL
Número de control de estantería C-20386
Sublocalización o colección R.48906
Holdings
Estatus retirado Estado de pérdida Estado de daño No para préstamo Biblioteca de origen Biblioteca actual Ubicación en estantería Fecha de adquisición Fuente de adquisición Total de préstamos Signatura topográfica completa Código de barras Visto por última vez Precio de reemplazo Tipo de ítem Koha
        Biblioteca del Ateneo de Madrid Biblioteca del Ateneo de Madrid Galería 17/01/2008     C-20386 1039935 23/02/2023 23/02/2023 Libro impreso